000 00397nam a2200169Ia 4500
008 210210b1934 xxu||||| |||| 00| 0 eng d
041 _aeng
082 _a825/370
100 _aGRANVILE (BARKER H)
245 _aStudy of drama
260 _aCambridge
_bAt the University Press
_c1934
650 _aStudy
650 _aof
650 _adrama
690 _aEnglish Criticism
906 _a014686
999 _c133901
_d133901